00926nam a2200253Ia 450000500170000000800410001702000340005802000300009208200180012210000300014024500800017025000360025030000250028649000380031150000340034953400190038365001010040270000260050326400200052933600270054933700330057633800280060904000350063720220317001357.0161108s9999 sp g 000 0 spa  a9788420643502 (obra completa) a9788420643496 (volumen 2)04a292.13bG71m31 aGraves, Robertd1895-198514aLos mitos griegos, 2 cRobert Graves ; traducción de Esther Gómez Parro a4a. ediciónb1a reimpresión a600 páginasc18 cm aEl libro de bolsillophumanidades aIncluye índice onomástico tThe Geek myths aMitologia Griega / Culto Griego / Leyendas Griegas / Religion Primitiva / Autores Ingleses2LEMB1 aGómez Parro, Esther aMadridbAlianza atextobtxt2rdacontent asin mediaciónbn2rdamedia avolumenbnc2rdacarrier aCO-BoRNBPbspaerdacCO-BoRNBP